Statistics for Largest Indian Cities A to Z

Click here to take the quiz!

General Stats

  • This quiz has been taken 227 times
    (30 since last reset)
  • The average score is 13 of 23

Answer Stats

LetterPopulation (mil)City% Correct
A8.01Ahmedabad
96%
D31.19Delhi
96%
C11.57Chennai
92%
J4.36Jaipur
92%
K21.75Kolkata
92%
M25.19Mumbai
92%
B15.26Bengaluru
88%
H9.80Hyderabad
88%
P6.82Pune
88%
S6.60Surat
77%
L4.66Lucknow
73%
I3.77Indore
69%
N3.49Nagpur
65%
V3.23Varanasi
58%
T2.85Thiruvananthapuram
35%
R1.64Ranchi
27%
U0.63Udaipur
23%
G1.48Gwalior
12%
Y0.38Yamunanagar
8%
E0.51Erode
4%
F0.83Firozabad
4%
O0.24Ottappalam
0%
W0.78Warangal
0%

Score Distribution

Percentile by Number Answered

Percent of People with Each Score

Your Score History

You have not taken this quiz since the last reset